00686nam a22001577a 4500003000900000008004100009040007100050082001800121100002800139245005900167260003100226300004100257505016500298650003400463650003100497AR-CdUCM190305b           ||||| |||| 00| 0 spa d  aMUNICIPALIDAD PROVINCIAL DEL CUSCOcBIBLIOTECA MUNICIPAL DEL CUSCO  a373.61 /bM84  aMoriano Alendez, José  aMetodología :btécnicas de estudio y aprendizaje /  aCusco :bDiseños,c2008.  a125 páginas ;bimágenes,c20 cm.  aComo se estudia y aprende -- Métodos para escuchar y tomar apuntes -- Adquirir una excelente memoria y trabajar en grupo -- La lectura y mapas conceptuales...  aMetodología de enseñanza.  aTécnicas de aprendizaje.